• 首页
  • 本馆介绍
  • 公告通知
  • 最新文献
  • 馆藏检索
  • 电子资源
  • 读者导购
  • 参考咨询
  • 我的图书馆
  • 登录
  • 详细信息显示
  • 放入我的书架
  • 预约/预借图书
  • 作者相关作品
  • 分类相关作品
  • 丛书相关作品
  • 出版社相关作品

书目信息

  • 表格格式
  • 工作单格式
  • 卡片格式
题名:
观念与历史的际会
    
 
作者: 王健 著
分册:  
出版信息: 上海   华东师范大学出版社  2016
页数: 355页
开本: 21cm
丛书名: 中国传统 经典与解释
单 册:
中图分类: B222.15
科图分类:
主题词: 儒家--Ru Jia
电子资源:
ISBN: 978-7-5675-4198-6
000 01030nam0 22002771 450
001 0101082544
005 20161201094523.57
010    @a978-7-5675-4198-6@dCNY48.00
100    @a20160324d2016 em y0chiy50 ea
101 0  @achi
102    @aCN@b310000
105    @ay z 000yy
106    @ar
200 1  @a观念与历史的际会@AGuan Nian Yu Li Shi De Ji Hui@e朱熹中庸思想研究@f王健著
210    @a上海@c华东师范大学出版社@d2016
215    @a355页@d21cm
225 2  @a中国传统 经典与解释@AZhong Guo Chuan Tong Jing Dian Yu Jie Shi@i古学纵横
330    @a本书共分六章,内容包括“精神道”如何实现于历史:“道统”之意涵;“中和”与“中庸”:一个观念与历史的普遍性问题、“正天下大本”:一种不可能的历史等。
461  0 @12001 @a中国传统 经典与解释@i古学纵横
517 1  @a朱熹中庸思想研究@AZhu Xi Zhong Yong Si Xiang Yan Jiu
605    @a《中庸》@AZhong Yong@x研究
606 0  @a儒家@ARu Jia
690    @aB222.15@v5
701  0 @a王健@AWang Jian@4著
801  0 @aCN@bTANGWEI@c20161128
905    @b0952456-60@dB222.15@e529@f5
    
    观念与历史的际会:朱熹中庸思想研究/王健著.-上海:华东师范大学出版社,2016
    355页;21cm.-(中国传统 经典与解释.古学纵横)
    
    
    ISBN 978-7-5675-4198-6:CNY48.00
    本书共分六章,内容包括“精神道”如何实现于历史:“道统”之意涵;“中和”与“中庸”:一个观念与历史的普遍性问题、“正天下大本”:一种不可能的历史等。
●
相关链接 在E读中查询图书 在五车中查询图书 在当当中查询图书 在豆瓣中查询图书


正题名:观念与历史的际会     索取号:B222.15/529         预约/预借

序号 登录号 条形码 馆藏地/架位号 状态 备注
1 0952456   209524567   第一样本阅览室/ [索取号:B222.15/529] 在馆    
2 0952457   209524576   第一借阅区/ [索取号:B222.15/529] 在馆    
3 0952458   209524585   第一借阅区/ [索取号:B222.15/529] 在馆    
4 0952459   209524594   第一借阅区/ [索取号:B222.15/529] 在馆    
5 0952460   209524601   第一借阅区/ [索取号:B222.15/529] 在馆    
唐山师范学院图书馆 欢迎您!
大连网信软件有限公司© 版权所有